Fußball: Alle Spieler für Borussia Dortmund seit 2014 - Statistiken

Allgemein
  • Dieses Quiz wurde 4.329 mal gespielt
    906 seit der letzten Aktualisierung
  • Das Durchschnittsergebnis liegt bei 55 aus 120
Antwortstatistiken
Spiele für
Borussia
Jahre Position Nationalität Antwort % Korrekt
294 2012 - 2024 MF DEU Marco Reus
97%
367 2008 - 2016, 2019 - 2024 AW DEU Mats Hummels
96%
349 2002 - 2018 TOR DEU Roman Weidenfeller
94%
115 2021 - TOR SUI Gregor Kobel
93%
158 2009 - 2013, 2016 - 2020 MF DEU Mario Götze
89%
176 2015 - 2022 TOR SUI Roman Bürki
88%
67 2020 - 2022 ST NOR Erling Haaland
87%
92 2020 - 2023 MF ENG Jude Bellingham
86%
118 2017 - 2021, 2024 MF ENG Jadon Sancho
85%
144 2013 - 2018 ST GAB Pierre Emerick Aubameyang
85%
189 2019 - MF DEU Julian Brandt
84%
148 2010 - 2012, 2014 - 2019 MF JPN Shinji Kagawa
83%
84 2022 - AW DEU Nico Schlotterbeck
81%
147 2020 - MF DEU Emre Can
80%
30 2024 - ST GUI Serhou Guirassy
80%
258 2005 - 2022 AW DEU Marcel Schmelzer
79%
67 2022 - AW DEU Niklas Süle
78%
223 2005 - 2007, 2008 - 2011,2013 - 2018 MF TUR Nuri Sahin
78%
196 2008 - 2017 AW SRB Neven Subotic
77%
51 2023 - MF AUT Marcel Sabitzer
74%
162 2016 - 2023 AW POR Raphael Guerreiro
73%
67 2023 - AW NOR Julian Ryerson
72%
70 2022 - ST DEU Karim Adeyemi
72%
274 2002 - 2015 MF DEU Sebastian Kehl
72%
30 2024 - MF DEU Pascal Groß
71%
90 2015 - 2019 MF USA Christian Pulisic
70%
264 2010 - 2021 AW POL Lukasz Piszczek
70%
105 2018 - 2022 MF BEL Axel Witsel
69%
106 2019 - MF USA Giovanni Reyna
69%
119 2017 - 2022 AW SUI Manuel Akanji
69%
48 2023 - AW ALG Ramy Bensebaini
68%
130 2013 - 2018 AW GRE Sokratis
68%
12 2025 - AW SWE Daniel Svensson
67%
37 2018 - 2020 ST ESP Paco Alcacer
67%
27 2018 - 2022 TOR SUI Marwin Hitz
66%
29 2024 - ST DEU Maximilian Beier
65%
32 2016 - 2017 MF FRA Ousmane Dembele
65%
87 2019 - 2023 MF BEL Thorgan Hazard
65%
54 2018 - 2020 AW MAR Achraf Hakimi
64%
70 2022 - MF TUR Salih Özcan
64%
94 2021 - 2025 ST NED Donyell Malen
64%
26 2024 - AW DEU Waldemar Anton
63%
17 2022 - TOR DEU Alexander Meyer
61%
46 2023 - MF DEU Felix Nmecha
61%
24 2014 - 2015 ST ITA Ciro Immobile
59%
12 2016 - 2017 MF TUR Emre Mor
59%
188 2007 - 2015 MF POL Jakub Blaszczykowski
59%
21 2024 - AW BRA Yan Couto
58%
33 2022 - 2024, 2025 ST IVO Sebastien Haller
57%
90 2013 - 2016 MF ARM Henrikh Mkhitaryan
57%
105 2011 - 2016 MF DEU Ilkay Gündogan
56%
19 2010 - 2016 TOR AUS Mitchell Langerak
56%
158 2009 - 2017 MF DEU Sven Bender
56%
76 2020 - 2025 MF ENG Jamie Gittens
54%
176 2009 - 2015 MF DEU Kevin Großkreutz
54%
29 2023 - 2024 ST DEU Niclas Füllkrug
53%
62 2018 - 2021 MF DEN Thomas Delaney
53%
56 2020 - 2024 AW BEL Thomas Meunier
52%
52 2014 - 2017 ST KOL Adrian Ramos
49%
18 2017 - 2018 ST UKR Andrey Yarmolenko
47%
76 2020 - 2024 ST DEU Youssoufa Moukoko
47%
5 2017 - 2019 ST SWE Alexander Isak
43%
15 2023 - MF BEL Julien Duranville
43%
67 2017 - 2022 AW FRA Dan-Axel Zagadou
43%
16 2024 AW NED Ian Maatsen
40%
40 2019 - 2023 AW DEU Nico Schulz
40%
64 2013 - 2018 AW DEU Erik Durm
38%
31 2016 - 2018 AW ESP Marc Bartra
38%
35 2017 - 2019 AW TUR Ömer Toprak
38%
19 2022 - 2023 ST FRA Anthony Modeste
36%
10 2025 MF ENG Carney Chukwuemeka
36%
116 2015 - 2020 MF DEU Julian Weigl
36%
33 2016 - 2018 MF DEU Andre Schürrle
35%
10 2018 ST BEL Michy Batshuayi
35%
21 2019 - 2024 AW ESP Mateu Morey
34%
14 2016 - 2018 MF DEU Sebastian Rode
33%
27 2020 - 2022 ST BRA Reinier
32%
28 2018 - 2019 AW FRA Abdou Diallo
30%
4 2024 - ST USA Cole Campbell
30%
72 2015 - 2018 MF DEU Gonzalo Castro
30%
101 2017 - 2023 MF DEU Mahmoud Dahoud
30%
5 2024 - AW DEU Almugera Kabar
28%
67 2014 - 2017 AW DEU Matthias Ginter
28%
29 2016 - 2018, 2018 - 2020 MF DEN Jacob Bruun Larsen
25%
14 2015 MF SLO Kevin Kampl
25%
7 2019 - 2020 AW ARG Leonardo Balerdi
25%
17 2021 - 2022 AW KRO Marin Pongracic
25%
90 2018 - 2019, 2021 - 2024 MF DEU Marius Wolf
25%
20 2014 - 2015 MF SRB Milos Jojic
25%
7 2015 - 2017 AW KOR Joo-Ho Park
24%
8 2016 - 2017 AW ESP Mikel Merino
24%
34 2012 - 2017, 2020 - 2023 MF DEU Felix Passlack
23%
4 2024 - MF DEU Kjell Wätjen
21%
15 2019 - 2022 ST DEU Steffen Tigges
20%
51 2011 - 2013, 2015 - 2016 MF DEU Moritz Leitner
19%
38 2011 - 2014, 2015 MF DEU Jonas Hofmann
18%
38 2017 - 2019 ST DEU Maximilian Philipp
18%
1 2021 - 2023 AW FRA Soumaila Coulibaly
18%
4 2021 - 2023 AW DEU Tom Rothe
17%
6 2015 MF BEL Adnan Januzaj
16%
16 2017 - 2019 AW DEU Jeremy Toljan
15%
18 2012 - 2015 AW DEU Oliver Kirch
13%
2 2018 - 2019 MF ESP Sergio Gomez
13%
9 2020 - 2022 MF DEU Ansgar Knauff
12%
3 2024 - AW DEU Yannik Lührs
12%
5 2021 - 2024 AW DEU Antonios Papadopoulos
11%
1 2021 - 2022 MF NED Immanuel Pherai
6%
1 2021 - 2023 ST KRO Marco Pasalic
6%
1 2024 - MF DEU Ayman Azhil
5%
1 2016 - 2017 MF DEU Dzenis Burnic
5%
1 2019 - 2022 MF DEU Tobias Raschl
5%
1 2014 - 2015 MF USA Claude-Joseph Gyau
4%
1 2023 - 2024 AW DEU Hendry Blank
4%
1 2022 - 2023 ST DEU Justin Njinmah
4%
2 2020 - 2022 AW DEU Lennard Maloney
4%
2 2023 - 2024 MF DEU Ole Pohlmann
4%
2 2023 - 2024 ST DEU Samuel Bamba
4%
3 2014 - 2015 MF DEU Jeremy Dudziak
3%
1 2021 - 2022 AW DEU Lion Semic
3%
1 2014 - 2015 MF JPN Mitsuru Maruoka
3%
Keine übereinstimmenden Quizze gefunden
Verteilung der Resultate
Anzahl Personen mit jedem Resultat
Perzentil nach korrekt beantworteten Fragen
Ihre Resultats-Entwicklung
Sie haben dieses Quiz seit der letzten Aktualisierung nicht gespielt